000 00699nam a2200217Ia 4500
003 OSt
005 20220119114434.0
008 210716s2012 xx 000 0 und d
020 _a9780070706576
040 _cAIMIT LIBRARY
041 _aeng
082 _a332.12
_27
_bROSP
100 _aRose, Peter S.
_913675
245 _aBank management and financial services :
_bby Peter S Rose and Sylvia C Hudgins.
250 _a7th. ed. -
260 _aNew Delhi:
_bTata McGraw Hill Education Private Limited,
_c2012.
300 _axxv,722p; 25cm.
650 _aFinancial Statements and Financial Firm Performance
_913676
700 _aHudgins, Sylvia C.
_913677
942 _2ddc
_cBK
_e7th
_k332.12 ROSP
999 _c208058
_d208058